Presidents pro tempore of the U.S. Senate - Statistics

General Stats
  • This quiz has been taken 8 times
  • The average score is 34 of 131
Answer Stats
Years Served Party Home State Answer % Correct
2019 - 2021 Republican Iowa Chuck Grassley
100%
2025 Republican Iowa Chuck Grassley
100%
2012 - 2015 Democrat Vermont Patrick Leahy
80%
2021 - 2023 Democrat Vermont Patrick Leahy
80%
2023 - 2025 Democrat Washington Patty Murray
60%
1805 - 1808 Democratic Republican Maryland Samuel Smith
60%
1828 - 1831 Jacksonian Maryland Samuel Smith
60%
1981 - 1987 Republican South Dakota Strom Thurmond
60%
1995 - 2001 Republican South Dakota Strom Thurmond
60%
1879 - 1880 Democrat Ohio Allen G. Thurman
40%
2010 - 2012 Democrat Hawaii Daniel Inouye
40%
1804 Democratic Republican North Carolina Jesse Franklin
40%
1835 National Republican Virginia John Tyler
40%
1854 Democrat Michigan Lewis Cass
40%
1826 - 1827 Democratic Republican North Carolina Nathaniel Macon
40%
2015 - 2019 Republican Utah Orrin Hatch
40%
1792 Anti-Administration Virginia Richard Henry Lee
40%
1989 - 1995 Democrat West Virginia Robert Byrd
40%
2001 - 2003 Democrat West Virginia Robert Byrd
40%
2007 - 2010 Democrat West Virginia Robert Byrd
40%
1803 Democratic Republican Vermont Stephen R. Bradley
40%
1808 - 1809 Democratic Republican Vermont Stephen R. Bradley
40%
2003 - 2007 Republican Alaska Ted Stevens
40%
1801 - 1802 Democratic Republican Georgia Abraham Baldwin
20%
1919 - 1925 Republican Iowa Albert B. Cummins
20%
1971 - 1972 Democrat Louisianna Allen J. Ellender
20%
1845 Democrat Arkansas Ambrose H. Sevier
20%
1809 Democratic Republican Pennsylvania Andrew Gregg
20%
1947 - 1949 Republican Michigan Arthur H. Vandenberg
20%
1911 Democrat Georgia Augustus O. Bacon
20%
1912 Democrat Georgia Augustus O. Bacon
20%
1912 Democrat Georgia Augustus O. Bacon
20%
1912 Democrat Georgia Augustus O. Bacon
20%
1912 Democrat Georgia Augustus O. Bacon
20%
1912 Democrat Georgia Augustus O. Bacon
20%
1912 Democrat Georgia Augustus O. Bacon
20%
1912 Democrat Georgia Augustus O. Bacon
20%
1912 Democrat Georgia Augustus O. Bacon
20%
1912 Democrat Georgia Augustus O. Bacon
20%
1913 Democrat Georgia Augustus O. Bacon
20%
1913 Democrat Georgia Augustus O. Bacon
20%
1857 - 1860 Democrat Alabama Benjamin Fitzpatrick
20%
1860 Democrat Alabama Benjamin Fitzpatrick
20%
1867 - 1869 Republican Ohio Benjamin F. Wade
20%
1957 - 1969 Democrat Arizona Carl Hayden
20%
1941 - 1945 Democrat Virginia Carter Glass
20%
1911 Republican Kansas Charles Curtis
20%
1856 Democrat Michigan Charles E. Stuart
20%
1891 - 1893 Republican Nebraska Charles F. Manderson
20%
1864 - 1865 Republican New Hampshire Daniel Clark
20%
1881 - 1883 Independent Illinois David Davis
20%
1846 - 1849 Democrat Missouri David R. Atchison
20%
1853 - 1854 Democrat Missouri David R. Atchison
20%
1912 Republican Connecticut Frank B. Brandegee
20%
1883 - 1885 Republican Vermont George F. Edmunds
20%
1925 - 1933 Republican New Hamshire George H. Moses
20%
1834 National Republican Mississippi George Poindexter
20%
1868 - 1873 Republican Rhode Island Henry B. Anthony
20%
1875 Republican Rhode Island Henry B. Anthony
20%
1912 Republican Massachusetts Henry Cabot Lodge
20%
1795 Anti-Administration, Democratic Republican Virginia Henry Tazewell
20%
1833 Jacksonian Tennessee Hugh Lawson White
20%
1893 - 1895 Democrat Tennessee Isham G. Harris
20%
1895 Democrat Tennessee Isham G. Harris
20%
1912 Republican New Hampshire Jacob H. Gallinger
20%
1912 Republican New Hampshire Jacob H. Gallinger
20%
1912 Republican New Hampshire Jacob H. Gallinger
20%
1912 Republican New Hampshire Jacob H. Gallinger
20%
1912 Republican New Hampshire Jacob H. Gallinger
20%
1912 Republican New Hampshire Jacob H. Gallinger
20%
1912 - 1913 Republican New Hampshire Jacob H. Gallinger
20%
1913 Republican New Hampshire Jacob H. Gallinger
20%
1913 Republican New Hampshire Jacob H. Gallinger
20%
1797 Federalist South Carolina Jacob Read
20%
1819 Democratic Republican Virginia James Barbour
20%
1972 - 1978 Democrat Mississippi James Eastland
20%
1801 Federalist Connecticut James Hillhouse
20%
1857 Democrat Virginia James M. Mason
20%
1913 - 1915 Democrat Arkansas James Paul Clarke
20%
1799 Federalist Pennsylvania James Ross
20%
1854 - 1856 Democrat Indiana Jesse D. Bright
20%
1856 - 1857 Democrat Indiana Jesse D. Bright
20%
1860 Democrat Indiana Jesse D. Bright
20%
1803 - 1804 Democratic Republican Kentucky John Brown
20%
1987 - 1989 Democrat Mississippi John C. Stennis
20%
1800 Federalist Maryland John E. Howard
20%
1810 Democratic Republican South Carolina John Gaillard
20%
1814 - 1819 Democratic Republican South Carolina John Gaillard
20%
1819 - 1825 Democratic Republican South Carolina John Gaillard
20%
1887 - 1891 Republican Kansas John J. Ingalls
20%
1789 Pro-Administration New Hampshire John Langdon
20%
1792 - 1793 Pro-Administration New Hampshire John Langdon
20%
1798 Federalist New York John Laurance
20%
1809 Democratic Republican Georgia John Milledge
20%
1811 Democratic Republican Kentucky John Pope
20%
1885 - 1887 Republican Ohio John Sherman
20%
1805 Democratic Republican Tennessee Joseph Anderson
20%
1813 - 1814 Democratic Republican South Carolina Joseph B. Varnum
20%
1945 - 1947 Democrat Tennessee Kenneth McKellar
20%
1949 - 1953 Democrat Tennessee Kenneth McKellar
20%
1933 - 1940 Democrat Nevada Key Pittman
20%
1865 - 1867 Republican Connecticut Lafayette S. Foster
20%
1832 Jacksonian Virginia Littleton Tazewell
20%
1873 - 1875 Republican Wisconsin Matthew H. Carpenter
20%
1895 Democrat North Carolina Matt W. Ransom
20%
1980 Republican North Dakota Milton Young
20%
1941 Democrat Mississippi Pat Harrison
20%
1794 Pro-Administration South Carolina Ralph Izard
20%
1969 - 1971 Democrat Georgia Richard Russell Jr.
20%
1796 Federalist New Hampshire Samuel Livermore
20%
1799 Federalist New Hampshire Samuel Livermore
20%
1841 - 1842 Whig New Jersey Samuel Southard
20%
1861 - 1864 Republican Vermont Solomon Foot
20%
1953 - 1955 Republican New Hampshire Styles Bridges
20%
1798 Federalist Massachusetts Theodore Sedgwick
20%
1881 Democrat Delaware Thomas F. Bayard, Sr.
20%
1857 Democrat Texas Thomas J. Rusk
20%
1875 - 1879 Republican Michigan Thomas W. Ferry
20%
1800 Federalist Connecticut Uriah Tracy
20%
1955 - 1957 Democrat Georgia Walter F. George
20%
1979 - 1980 Democrat Washington Warren Magnuson
20%
1980 - 1981 Democrat Washington Warren Magnuson
20%
1916 - 1919 Democrat Delaware Willard Saulsbury Jr.
20%
1797 Federalist Pennsylvania William Bingham
20%
1797 Federalist Rhode Island William Bradford
20%
1812 - 1813 Democratic Republican Georgia William H. Crawford
20%
1940 - 1941 Democrat Utah William H. King
20%
1896 - 1911 Republican Maine William P. Frye
20%
1836 - 1841 Democrat Alabama William R. King
20%
1850 - 1852 Democrat Alabama William R. King
20%
1843 - 1845 Whig North Carolina Willie P. Mangum
20%
No matching quizzes found
Score Distribution
Percent of People with Each Score
Percentile by Number Answered
Your Score History
You have not taken this quiz